|
|
|
|
| LEADER |
00000nam1a2200000 4500 |
| 001 |
9810 |
| 005 |
20231030182625.0 |
| 035 |
|
|
|a (RuTPU)RU\TPU\book\9865
|
| 035 |
|
|
|a BOOK00009927
|
| 090 |
|
|
|a 9810
|
| 100 |
|
|
|a 20011209d1999 k y0rusy50 ca
|
| 101 |
0 |
|
|a rus
|
| 102 |
|
|
|a RU
|
| 200 |
1 |
|
|a Экологические проблемы угледобывающей отрасли в регионе при переходе к устойчивому развитию
|e Труды Международной научно-практической конференции
|
| 210 |
|
|
|a Кемерово
|c Кузбассвузиздат
|d 1999
|
| 300 |
|
|
|a 275 лет Российской академии наук.
|
| 712 |
1 |
0 |
|a Экологические проблемы угледобывающей отрасли в регионе при переходе к устойчивому развитию
|c Международная научно-практическая конференция
|
| 801 |
|
0 |
|a RU
|b 63413507
|c 20011209
|g PSBO
|
| 801 |
|
2 |
|a RU
|b 63413507
|c 20100513
|g PSBO
|
| 942 |
|
|
|c BK
|